Online
Catalog

Profecía y sintaxis : (Record no. 38861)

MARC details
000 -CABECERA
campo de control de longitud fija 00782nam a2200181 a 4500
001 - NÚMERO DE CONTROL
campo de control 000039371
005 - FECHA Y HORA DE LA ÚLTIMA TRANSACCIÓN
campo de control 20201002031622.0
008 - DATOS DE LONGITUD FIJA--INFORMACIÓN GENERAL
campo de control de longitud fija 130625s2003 sp 001 0 spa d
020 ## - NÚMERO INTERNACIONAL ESTÁNDAR DEL LIBRO
Número Internacional Estándar del Libro 8400081196
040 ## - FUENTE DE LA CATALOGACIÓN
Centro catalogador/agencia de origen DO-SdBNP
Lengua de catalogación spa
Centro/agencia transcriptor BNPHU
100 1# - ENTRADA PRINCIPAL--NOMBRE DE PERSONA
Nombre de persona Barco del Barco
9 (RLIN) 65570
245 10 - MENCIÓN DE TÍTULO
Título Profecía y sintaxis :
Resto del título el uso de las formas verbales en los Profetas Menores preexílicos /
Mención de responsabilidad, etc. por Francisco Javier del Barco del Barco.
260 ## - PUBLICACIÓN, DISTRIBUCIÓN, ETC.
Lugar de publicación, distribución, etc. Madrid :
Nombre del editor, distribuidor, etc. Consejo Superior de Investigación Científicas :
-- Instituto de Filología, Departamento de Filología Bíblica y de Oriente Antiguo,
Fecha de publicación, distribución, etc. 2003.
300 ## - DESCRIPCIÓN FÍSICA
Extensión 259 [8] p. ;
Dimensiones 28 cm.
504 ## - NOTA DE BIBLIOGRAFÍA, ETC.
Nota de bibliografía, etc. Bibliografía : p. 243-259
500 ## - NOTA GENERAL
Nota general Incluye bibliografía e índices
710 2# - PUNTO DE ACCESO ADICIONAL--NOMBRE DE ENTIDAD CORPORATIVA
Nombre de entidad corporativa o nombre de jurisdicción como elemento de entrada Consejo Superior de Investigación Científicas,
9 (RLIN) 63831
Holdings
Estado de retiro Estado de pérdida Restricciones de uso No para préstamo Código de colección Localización permanente Ubicación/localización actual Ubicación en estantería Fecha de adquisición Número de inventario Total de préstamos Signatura topográfica completa Código de barras Fecha visto por última vez Precio válido a partir de Tipo de ítem Koha
        Monografías: Libros y Folletos General General Orden iniciada 25.06.2013 LF1   39371-10 25.06.2020 25.06.2020 No se presta

Powered by Koha